| 000 | 01847nam0a2200373 4500 | ||
|---|---|---|---|
| 001 | RU\NLR\BIBL_A\012663562 | ||
| 005 | 20220831084028.0 | ||
| 010 |
_a978-5-00141-001-0 _95000 |
||
| 021 |
_aRU _bКН-П-21-053193 _9КН-П-21-4173 |
||
| 035 | _a(NLR Aleph) 012663562 | ||
| 090 |
_a12763072 _c12763072 |
||
| 100 | _a20211210d2019 u y0rusy50 ca | ||
| 101 | 0 |
_arus _ceng |
|
| 102 | _aRU | ||
| 105 | _aa|||z|||000zy | ||
| 181 | 0 |
_ai _baxxe |
|
| 182 | 0 | _an | |
| 200 | 1 |
_aШкола вязания крючком _iЗавершающие приёмы _eотделка, кайма, застёжки и многое другое! _eперевод с английского _fБетти Барнден |
|
| 203 |
_aТекст _bвизуальный _cнепосредственный |
||
| 210 |
_aМосква _cКонтэнт _d2019 |
||
| 215 |
_a125 с. _cил., цв. ил. _d26 |
||
| 300 | _aНа обороте тит. с. загл.: Завершающие приемы: отделка, кайма, застежки и многое другое!: школа вязания крючком | ||
| 300 | _aЗагл. и авт. ориг.: Super Finishing Techniques For Crocheters / Betty Barnden | ||
| 333 | _a16+ | ||
| 454 | 0 |
_12001#$aSuper Finishing Techniques For Crocheters$fBetty Barnden _1700#1$aBarnden$bB.$gBetty _tSuper Finishing Techniques For Crocheters _aBarnden, Betty |
|
| 517 | 1 |
_aЗавершающие приемы _eотделка, кайма, застежки и многое другое! _eшкола вязания крючком |
|
| 606 | 1 |
_aВязание крючком _92079518 _3RU\NLR\AUTH\661255404 |
|
| 686 | 1 | _aМ483 | |
| 700 | 1 |
_aБарнден _bБ. _gБетти |
|
| 942 | _cBOOK | ||
| 980 | _aNBR | ||
| 980 | _aNB | ||